Science year; (Record no. 1856)

MARC details
000 -LEADER
fixed length control field 01318cas a2200385I 4500
001 - CONTROL NUMBER
control field 2251937
003 - CONTROL NUMBER IDENTIFIER
control field OCoLC
005 - DATE AND TIME OF LATEST TRANSACTION
control field 20180921155337.0
008 - FIXED-LENGTH DATA ELEMENTS--GENERAL INFORMATION
fixed length control field 760620c19659999iluar1 0 a0eng
010 ## - LIBRARY OF CONGRESS CONTROL NUMBER
LC control number 65021776
022 0# - INTERNATIONAL STANDARD SERIAL NUMBER
International Standard Serial Number 0080-7621
035 ## - SYSTEM CONTROL NUMBER
System control number 0623018
040 ## - CATALOGING SOURCE
Original cataloging agency DLC
Transcribing agency MUL
Modifying agency IUL
-- NYG
-- NSD
-- OCL
-- NST
-- PIT
042 ## - AUTHENTICATION CODE
Authentication code nsdp
050 00 - LIBRARY OF CONGRESS CALL NUMBER
Classification number Q9
Item number .S33
082 ## - DEWEY DECIMAL CLASSIFICATION NUMBER
Classification number REF 032
Item number Z49S
090 ## - LOCALLY ASSIGNED LC-TYPE CALL NUMBER (OCLC); LOCAL CALL NUMBER (RLIN)
Classification number (OCLC) (R) ; Classification number, CALL (RLIN) (NR) Q9
Local cutter number (OCLC) ; Book number/undivided call number, CALL (RLIN) .S45
090 00 - LOCALLY ASSIGNED LC-TYPE CALL NUMBER (OCLC); LOCAL CALL NUMBER (RLIN)
Classification number (OCLC) (R) ; Classification number, CALL (RLIN) (NR) Q9
Local cutter number (OCLC) ; Book number/undivided call number, CALL (RLIN) .S45
210 0# - ABBREVIATED TITLE
Abbreviated title Sci. year
222 #0 - KEY TITLE
Key title Science year
245 00 - TITLE STATEMENT
Title Science year;
Remainder of title the World Book science annual
246 14 - VARYING FORM OF TITLE
Title proper/short title World book science annual
260 ## - PUBLICATION, DISTRIBUTION, ETC.
Place of publication, distribution, etc. Chicago,
Name of publisher, distributor, etc. World-Book Childcraft International [etc.]
265 ## - SOURCE FOR ACQUISITION/SUBSCRIPTION ADDRESS [OBSOLETE]
Source for acquisition/subscription address [OBSOLETE] World Book - Childcraft International, Inc., Merchandise Mart Plaza, Chicago, Ill. 60654
300 ## - PHYSICAL DESCRIPTION
Extent v.
Other physical details ill. (part col.) ports. (part col.)
Dimensions 26 cm
310 ## - CURRENT PUBLICATION FREQUENCY
Current publication frequency Annual
500 ## - GENERAL NOTE
General note "A review of science and technology during the 19 school year."
550 ## - ISSUING BODY NOTE
Issuing body note Formerly published by Field Enterprises Educational Corporation, 1965-
650 #0 - SUBJECT ADDED ENTRY--TOPICAL TERM
Topical term or geographic name entry element Science
General subdivision Periodicals
710 21 - ADDED ENTRY--CORPORATE NAME
Corporate name or jurisdiction name as entry element Field Enterprises Educational Corporation
710 20 - ADDED ENTRY--CORPORATE NAME
Corporate name or jurisdiction name as entry element Childcraft International Inc
730 00 - ADDED ENTRY--UNIFORM TITLE
Uniform title Kʻo hsüeh nien chien
767 0# - TRANSLATION ENTRY
Title Science year. Chinese. Kʻo hsüeh nien chien
Record control number (DLC)sn 92037485
-- (OCoLC)26832154
942 ## - ADDED ENTRY ELEMENTS (KOHA)
Source of classification or shelving scheme Dewey Decimal Classification
Koha item type Periodicals
Holdings
Withdrawn status Lost status Source of classification or shelving scheme Damaged status Not for loan Collection code Home library Current library Shelving location Date acquired Serial Enumeration / chronology Total Checkouts Full call number Barcode Date last seen Price effective from Koha item type
    Dewey Decimal Classification   Not For Loan Reference Harvest Mission College Harvest Mission College Reference 21.09.2018 1986   REF 032 Z49S 002195 21.09.2018 21.09.2018 Periodicals

OPAC Designed and Maintained by HMC Library Team.
Copyright © HMC Library,Greater Noida, UP.
For any Suggestions/Query Contact library via Email:libhmc@gmail.com